[Event "Baku Chess Olympiad | Open"]
[Site "chess24.com"]
[Date "2016.09.08"]
[Round "6"]
[White "Blomqvist, Erik"]
[Black "Adly, Ahmed"]
[Result "1-0"]
[Board "2"]
[WhiteID "1709437"]
[WhiteElo "2545"]
[WhiteTitle "GM"]
[WhiteCountry "SWE"]
[WhiteFideId "1709437"]
[WhiteEloChange "6"]
[BlackID "10601619"]
[BlackElo "2603"]
[BlackTitle "GM"]
[BlackCountry "EGY"]
[BlackFideId "10601619"]
[BlackEloChange "-6"]

1. e4 {[%clk 1:30:54]} c5 {[%clk 1:30:55]} 2. Nf3 {[%clk 1:31:18]} d6 {[%clk
1:31:22]} 3. Bb5+ {[%clk 1:31:40]} Bd7 {[%clk 1:31:44]} 4. Bxd7+ {[%clk 1:32:03]}
Qxd7 {[%clk 1:32:10]} 5. c4 {[%clk 1:32:25]} Nf6 {[%clk 1:32:26]} 6. Nc3 {[%clk
1:32:48]} Nc6 {[%clk 1:32:51]} 7. d4 {[%clk 1:33:11]} cxd4 {[%clk 1:32:57]} 8.
Nxd4 {[%clk 1:33:33]} Qg4 {[%clk 1:33:22]} 9. Qxg4 {[%clk 1:31:48]} Nxg4 {[%clk
1:33:47]} 10. Nxc6 {[%clk 1:30:32]} bxc6 {[%clk 1:34:11]} 11. b3 {[%clk 1:29:34]}
g6 {[%clk 1:33:58]} 12. Bb2 {[%clk 1:27:44]} Rg8 {[%clk 1:20:31]} 13. h3 {[%clk
1:23:44]} Ne5 {[%clk 1:20:51]} 14. O-O-O {[%clk 1:23:37]} Bh6+ {[%clk 1:20:37]}
15. Kc2 {[%clk 1:23:36]} f5 {[%clk 1:21:03]} 16. Rhe1 {[%clk 1:18:32]} f4 {[%clk
1:17:29]} 17. f3 {[%clk 1:08:23]} Bg7 {[%clk 1:11:41]} 18. Ne2 {[%clk 1:04:55]}
g5 {[%clk 1:06:13]} 19. Nd4 {[%clk 1:03:57]} Bf6 {[%clk 0:47:44]} 20. c5 {[%clk
0:45:50]} dxc5 {[%clk 0:45:51]} 21. Ne6 {[%clk 0:42:59]} Rc8 {[%clk 0:46:06]} 22.
Nxc5 {[%clk 0:42:18]} h5 {[%clk 0:46:21]} 23. Re2 {[%clk 0:34:59]} g4 {[%clk
0:45:58]} 24. hxg4 {[%clk 0:34:20]} hxg4 {[%clk 0:46:25]} 25. Bxe5 {[%clk
0:25:52]} Bxe5 {[%clk 0:45:59]} 26. Nd3 {[%clk 0:26:03]} Bb8 {[%clk 0:37:33]} 27.
e5 {[%clk 0:25:28]} gxf3 {[%clk 0:37:25]} 28. gxf3 {[%clk 0:25:49]} Rd8 {[%clk
0:37:11]} 29. Rh1 {[%clk 0:19:32]} Rd5 {[%clk 0:34:24]} 30. Rh4 {[%clk 0:18:19]}
Rf8 {[%clk 0:34:32]} 31. Re4 {[%clk 0:16:34]} Kd7 {[%clk 0:33:34]} 32. b4 {[%clk
0:11:03]} Kc8 {[%clk 0:29:56]} 33. Rh6 {[%clk 0:09:35]} Kb7 {[%clk 0:27:24]} 34.
Re6 {[%clk 0:09:02]} Rf7 {[%clk 0:27:24]} 35. Rc4 {[%clk 0:06:50]} Bc7 {[%clk
0:25:04]} 36. a4 {[%clk 0:04:17]} Rh7 {[%clk 0:21:58]} 37. a5 {[%clk 0:02:59]}
Rh2+ {[%clk 0:21:10]} 38. Kc3 {[%clk 0:03:26]} Re2 {[%clk 0:21:24]} 39. Rexc6
{[%clk 0:01:07]} Bb8 {[%clk 0:19:13]} 40. a6+ {[%clk 0:31:00]} Ka8 {[%clk
0:49:40]} 41. Rd4 {[%clk 0:22:02]} Rb5 {[%clk 0:44:43]} 42. Rxf4 {[%clk 0:19:02]}
e6 {[%clk 0:42:25]} 43. Rxe6 {[%clk 0:17:50]} Rd5 {[%clk 0:41:57]} 44. Rd4 {[%clk
0:17:25]} Rd8 {[%clk 0:42:21]} 45. f4 {[%clk 0:16:04]} Ra2 {[%clk 0:41:36]} 46.
Nc5 {[%clk 0:15:02]} Ra3+ {[%clk 0:41:00]} 47. Kc4 {[%clk 0:15:25]} Rf8 {[%clk
0:40:52]} 48. Rf6 {[%clk 0:14:57]} Rf3 {[%clk 0:40:55]} 49. Ne6 {[%clk 0:11:07]}
Rc8+ {[%clk 0:40:48]} 50. Kd5 {[%clk 0:11:18]} Rc1 {[%clk 0:40:37]} 51. Rf8
{[%clk 0:11:16]} Rfc3 {[%clk 0:40:47]} 52. Rf6 {[%clk 0:10:02]} Rc8 {[%clk
0:40:44]} 53. Rf7 {[%clk 0:10:09]} Re1 {[%clk 0:40:17]} 54. Rd7 {[%clk 0:10:16]}
Rc2 {[%clk 0:40:23]} 55. Nd8 {[%clk 0:10:11]} Rec1 {[%clk 0:34:31]} 56. e6 {[%clk
0:10:11]} Rh1 {[%clk 0:34:31]} 57. e7 {[%clk 0:10:08]} Re2 {[%clk 0:33:55]} 58.
Nc6 {[%clk 0:07:25]} Rh5+ {[%clk 0:34:14]} 59. Kc4 {[%clk 0:06:55]} Rc2+ {[%clk
0:33:21]} 60. Kd3 {[%clk 0:07:05]} Rxc6 {[%clk 0:33:43]} 61. e8Q {[%clk 0:06:55]}
Rc3+ {[%clk 0:33:49]} 62. Kxc3 {[%clk 0:07:04]} Rc5+ {[%clk 0:34:02]} 63. Kd3
{[%clk 0:07:01]} Rc3+ {[%clk 0:34:29]} 64. Ke2 {[%clk 0:05:08]} Rc2+ {[%clk
0:34:54]} 65. Kf3 {[%clk 0:05:28]} Rf2+ {[%clk 0:35:19]} 66. Kg4 {[%clk 0:05:52]}
Rxf4+ {[%clk 0:35:19]} 67. Kg5 {[%clk 0:06:11]} Rg4+ {[%clk 0:33:57]} 68. Kh6
{[%clk 0:06:24]} Rh4+ {[%clk 0:34:18]} 69. Qh5 {[%clk 0:06:48]} 1-0

[Event "Baku Chess Olympiad | Open"]
[Site "chess24.com"]
[Date "2016.09.08"]
[Round "6"]
[White "Ameir, Moheb"]
[Black "Smith, Axel"]
[Result "*"]
[Board "3"]
[WhiteID "10600620"]
[WhiteElo "2431"]
[WhiteTitle "IM"]
[WhiteCountry "EGY"]
[WhiteFideId "10600620"]
[BlackID "1707930"]
[BlackElo "2516"]
[BlackTitle "GM"]
[BlackCountry "SWE"]
[BlackFideId "1707930"]

1. e4 {[%clk 1:30:57]} c5 {[%clk 1:30:59]} 2. Nf3 {[%clk 1:31:06]} g6 {[%clk
1:31:26]} 3. d4 {[%clk 1:30:02]} cxd4 {[%clk 1:31:53]} 4. Qxd4 {[%clk 1:29:40]}
Nf6 {[%clk 1:32:19]} 5. Nc3 {[%clk 1:30:05]} Nc6 {[%clk 1:32:42]} 6. Qa4 {[%clk
1:30:33]} d6 {[%clk 1:32:45]} 7. e5 {[%clk 1:31:02]} dxe5 {[%clk 1:33:01]} 8.
Nxe5 {[%clk 1:31:29]} Qd4 {[%clk 1:32:46]} 9. Nxc6 {[%clk 1:31:56]} Qxa4 {[%clk
1:33:05]} 10. Nxa4 {[%clk 1:32:25]} bxc6 {[%clk 1:33:31]} 11. b3 {[%clk 1:32:44]}
e5 {[%clk 1:12:01]} 12. Bb2 {[%clk 1:29:13]} Bb4+ {[%clk 1:00:20]} 13. c3 {[%clk
1:26:44]} Be7 {[%clk 1:00:45]} 14. g3 {[%clk 1:14:37]} O-O {[%clk 0:56:10]} 15.
Bg2 {[%clk 1:14:39]} e4 {[%clk 0:56:27]} 16. O-O {[%clk 1:10:52]} Bf5 {[%clk
0:53:48]} 17. Rfe1 {[%clk 1:08:21]} Rfe8 {[%clk 0:40:16]} 18. c4 {[%clk 1:06:04]}
Rad8 {[%clk 0:33:37]} 19. h3 {[%clk 1:02:57]} h5 {[%clk 0:30:43]} 20. Re2 {[%clk
1:00:59]} Nh7 {[%clk 0:28:40]} 21. Rae1 {[%clk 0:52:57]} Bf6 {[%clk 0:27:50]} 22.
Bc3 {[%clk 0:45:33]} Re6 {[%clk 0:20:52]} 23. Ba5 {[%clk 0:40:19]} Rde8 {[%clk
0:20:25]} 24. Nc5 {[%clk 0:39:53]} R6e7 {[%clk 0:16:11]} 25. Nxe4 {[%clk
0:39:22]} Bd4 {[%clk 0:15:58]} 26. Bc3 {[%clk 0:35:17]} Rxe4 {[%clk 0:13:48]} 27.
Rxe4 {[%clk 0:29:56]} Rxe4 {[%clk 0:13:56]} 28. Rxe4 {[%clk 0:30:20]} Bxc3 {[%clk
0:14:13]} 29. Re8+ {[%clk 0:30:42]} Kg7 {[%clk 0:14:16]} 30. Bxc6 {[%clk
0:31:04]} Bxh3 {[%clk 0:12:54]} 31. Re7 {[%clk 0:29:41]} Bd4 {[%clk 0:09:37]} 32.
b4 {[%clk 0:28:16]} Be6 {[%clk 0:08:24]} 33. c5 {[%clk 0:27:44]} a5 {[%clk
0:08:30]} 34. bxa5 {[%clk 0:27:25]} Bxc5 {[%clk 0:08:28]} 35. a6 {[%clk 0:26:02]}
Bxa2 {[%clk 0:08:16]} 36. Rc7 {[%clk 0:23:12]} Nf6 {[%clk 0:05:39]} 37. Bb5
{[%clk 0:15:29]} Bb6 {[%clk 0:04:50]} 38. Rc6 {[%clk 0:14:22]} Bd4 {[%clk
0:04:23]} 39. Bc4 {[%clk 0:14:00]} Bxc4 {[%clk 0:03:46]} 40. Rxc4 {[%clk
0:44:29]} Bb6 {[%clk 0:33:58]} 41. Rc6 {[%clk 0:43:50]} Bd4 {[%clk 0:30:52]} 42.
Kf1 {[%clk 0:39:38]} Ne4 {[%clk 0:26:24]} 43. Rc2 {[%clk 0:39:37]} Kf6 {[%clk
0:23:28]} 44. Ke2 {[%clk 0:37:14]} Nd6 {[%clk 0:16:54]} 45. Rd2 {[%clk 0:32:46]}
Nb5 {[%clk 0:17:07]} 46. Kd3 {[%clk 0:32:49]} Ke5 {[%clk 0:16:13]} 47. Ra2 {[%clk
0:31:22]} Kd5 {[%clk 0:04:32]} 48. Ra5 {[%clk 0:30:38]} Kc6 {[%clk 0:04:35]} 49.
Kc4 {[%clk 0:26:40]} Bxf2 {[%clk 0:05:01]} 50. Rxb5 {[%clk 0:26:51]} Bb6 {[%clk
0:05:26]} 51. Re5 {[%clk 0:25:43]} Ba7 {[%clk 0:04:36]} 52. Rb5 {[%clk 0:25:30]}
Bb6 {[%clk 0:05:00]} 53. Rb1 {[%clk 0:25:01]} f5 {[%clk 0:02:11]} 54. Re1 {[%clk
0:25:20]} Kd6 {[%clk 0:02:03]} 55. Re8 {[%clk 0:25:30]} g5 {[%clk 0:01:23]} 56.
Rb8 {[%clk 0:24:32]} Kc6 {[%clk 0:01:10]} 57. Rf8 {[%clk 0:24:21]} h4 {[%clk
0:01:09]} 58. gxh4 {[%clk 0:23:57]} gxh4 {[%clk 0:01:39]} 59. Rxf5 {[%clk
0:23:17]} Bg1 {[%clk 0:01:12]} 60. Rg5 {[%clk 0:23:04]} Ba7 {[%clk 0:01:02]} 61.
Rg6+ {[%clk 0:23:11]} Kc7 {[%clk 0:01:27]} 62. Kb5 {[%clk 0:22:24]} h3 {[%clk
0:00:41]} 63. Rg7+ {[%clk 0:20:47]} Kb8 {[%clk 0:01:10]} 64. Rg8+ {[%clk
0:21:12]} Kc7 {[%clk 0:01:38]} 65. Ra8 {[%clk 0:21:23]} Bg1 {[%clk 0:01:34]} 66.
Rh8 {[%clk 0:16:50]} h2 {[%clk 0:01:32]} 67. Rh7+ {[%clk 0:17:16]} Kb8 {[%clk
0:01:29]} 68. Kc6 {[%clk 0:17:40]} Ka8 {[%clk 0:01:16]} 69. Rh8+ {[%clk 0:17:52]}
Ka7 {[%clk 0:01:45]} 70. Kb5 {[%clk 0:18:11]} h1Q {[%clk 0:01:10]} 71. Rxh1
{[%clk 0:18:39]} *

[Event "Baku Chess Olympiad | Open"]
[Site "chess24.com"]
[Date "2016.09.08"]
[Round "6"]
[White "Odeev, Handszar"]
[Black "Quesada Perez, Yuniesky"]
[Result "*"]
[Board "3"]
[WhiteID "14000091"]
[WhiteElo "2401"]
[WhiteTitle "GM"]
[WhiteCountry "TKM"]
[WhiteFideId "14000091"]
[BlackID "3504409"]
[BlackElo "2634"]
[BlackTitle "GM"]
[BlackCountry "CUB"]
[BlackFideId "3504409"]

1. e4 {[%clk 1:30:56]} c5 {[%clk 1:30:50]} 2. Nf3 {[%clk 1:31:14]} e6 {[%clk
1:31:06]} 3. d4 {[%clk 1:28:09]} cxd4 {[%clk 1:31:27]} 4. Nxd4 {[%clk 1:28:32]}
Nc6 {[%clk 1:31:33]} 5. Nc3 {[%clk 1:28:51]} Qc7 {[%clk 1:31:53]} 6. Be3 {[%clk
1:28:36]} a6 {[%clk 1:30:37]} 7. Bd3 {[%clk 1:27:11]} Nf6 {[%clk 1:27:23]} 8. O-O
{[%clk 1:27:21]} Ne5 {[%clk 1:23:30]} 9. h3 {[%clk 1:26:36]} Bc5 {[%clk 1:23:14]}
10. Qd2 {[%clk 1:09:26]} d6 {[%clk 1:20:05]} 11. Rae1 {[%clk 1:06:17]} O-O {[%clk
1:05:42]} 12. f4 {[%clk 1:03:33]} Ng6 {[%clk 1:02:54]} 13. Nb3 {[%clk 0:34:38]}
Bxe3+ {[%clk 1:00:59]} 14. Qxe3 {[%clk 0:33:09]} b5 {[%clk 0:55:16]} 15. a3
{[%clk 0:27:00]} Bb7 {[%clk 0:45:56]} 16. e5 {[%clk 0:13:50]} dxe5 {[%clk
0:40:44]} 17. Bxg6 {[%clk 0:14:11]} hxg6 {[%clk 0:37:37]} 18. Qxe5 {[%clk
0:13:59]} Qc6 {[%clk 0:25:32]} 19. Rf2 {[%clk 0:14:06]} Rad8 {[%clk 0:20:31]} 20.
Na5 {[%clk 0:10:26]} Qb6 {[%clk 0:20:41]} 21. Nxb7 {[%clk 0:10:24]} Qxb7 {[%clk
0:21:03]} 22. Ne4 {[%clk 0:06:31]} Nxe4 {[%clk 0:20:09]} 23. Qxe4 {[%clk
0:06:54]} Rd5 {[%clk 0:20:28]} 24. c4 {[%clk 0:05:36]} bxc4 {[%clk 0:20:27]} 25.
Qxc4 {[%clk 0:06:04]} Rc8 {[%clk 0:18:58]} 26. Qe2 {[%clk 0:05:00]} Rcd8 {[%clk
0:16:38]} 27. Rc1 {[%clk 0:03:21]} Qb6 {[%clk 0:16:08]} 28. Kh1 {[%clk 0:02:49]}
a5 {[%clk 0:16:12]} 29. Rc3 {[%clk 0:02:00]} Qb8 {[%clk 0:12:21]} 30. Qc4 {[%clk
0:01:07]} Qb6 {[%clk 0:10:25]} 31. Rcc2 {[%clk 0:00:45]} Qe3 {[%clk 0:07:40]} 32.
Kh2 {[%clk 0:00:52]} Rd1 {[%clk 0:06:22]} 33. Qe2 {[%clk 0:00:46]} Qb6 {[%clk
0:05:12]} 34. Rf1 {[%clk 0:00:45]} R1d4 {[%clk 0:04:18]} 35. Qf2 {[%clk 0:00:46]}
Qb3 {[%clk 0:03:55]} 36. Rfc1 {[%clk 0:00:42]} Qb7 {[%clk 0:03:02]} 37. Re2
{[%clk 0:00:40]} Qb8 {[%clk 0:02:52]} 38. g3 {[%clk 0:00:36]} R8d5 {[%clk
0:01:32]} 39. Rec2 {[%clk 0:00:43]} Qd6 {[%clk 0:01:31]} 40. Re1 {[%clk 0:30:41]}
Qd7 {[%clk 0:31:06]} 41. h4 {[%clk 0:16:47]} Kh7 {[%clk 0:29:17]} 42. Rce2 {[%clk
0:17:08]} Rb5 {[%clk 0:27:56]} 43. Rc1 {[%clk 0:14:05]} Rd3 {[%clk 0:24:35]} 44.
Rg1 {[%clk 0:09:30]} Qd6 {[%clk 0:20:09]} 45. Rg2 {[%clk 0:09:36]} f6 {[%clk
0:15:11]} 46. Rd2 {[%clk 0:08:59]} Rbd5 {[%clk 0:15:25]} 47. Rxd3 {[%clk
0:09:06]} Rxd3 {[%clk 0:15:50]} 48. Qe1 {[%clk 0:06:14]} Qd5 {[%clk 0:15:11]} 49.
Qe2 {[%clk 0:06:04]} a4 {[%clk 0:10:49]} 50. Qc2 {[%clk 0:06:20]} Qd4 {[%clk
0:09:03]} 51. Qe2 {[%clk 0:06:33]} Re3 {[%clk 0:08:24]} 52. Qd2 {[%clk 0:06:35]}
Rd3 {[%clk 0:07:31]} 53. Qe2 {[%clk 0:06:55]} Qd5 {[%clk 0:06:47]} 54. Qc2 {[%clk
0:07:22]} e5 {[%clk 0:06:23]} 55. fxe5 {[%clk 0:07:24]} fxe5 {[%clk 0:06:50]} 56.
Qxa4 {[%clk 0:05:08]} e4 {[%clk 0:07:14]} 57. Qe8 {[%clk 0:00:37]} e3 {[%clk
0:07:28]} 58. Re2 {[%clk 0:00:40]} Qf3 {[%clk 0:07:00]} *

[Event "Baku Chess Olympiad | Open"]
[Site "chess24.com"]
[Date "2016.09.08"]
[Round "6"]
[White "Seeman, Tarvo"]
[Black "Tin, Jingyao"]
[Result "*"]
[Board "3"]
[WhiteID "4500547"]
[WhiteElo "2407"]
[WhiteTitle "IM"]
[WhiteCountry "EST"]
[WhiteFideId "4500547"]
[BlackID "5804418"]
[BlackElo "2439"]
[BlackTitle "IM"]
[BlackCountry "SIN"]
[BlackFideId "5804418"]

1. Nf3 {[%clk 1:30:54]} d5 {[%clk 1:30:35]} 2. g3 {[%clk 1:30:41]} Nf6 {[%clk
1:30:48]} 3. Bg2 {[%clk 1:30:31]} c6 {[%clk 1:31:10]} 4. O-O {[%clk 1:28:14]} Bg4
{[%clk 1:31:34]} 5. c4 {[%clk 1:25:30]} e6 {[%clk 1:29:48]} 6. Qb3 {[%clk
1:22:11]} Qc7 {[%clk 1:15:20]} 7. d4 {[%clk 1:14:16]} Bd6 {[%clk 1:13:05]} 8. c5
{[%clk 0:55:55]} Be7 {[%clk 1:13:24]} 9. Bf4 {[%clk 0:56:05]} Qc8 {[%clk
1:13:42]} 10. Nbd2 {[%clk 0:54:55]} O-O {[%clk 1:12:14]} 11. h3 {[%clk 0:54:09]}
Bh5 {[%clk 0:54:36]} 12. g4 {[%clk 0:53:46]} Bg6 {[%clk 0:55:00]} 13. Ne5 {[%clk
0:51:33]} Nbd7 {[%clk 0:51:48]} 14. Nxg6 {[%clk 0:49:13]} hxg6 {[%clk 0:52:03]}
15. Rac1 {[%clk 0:43:08]} Re8 {[%clk 0:35:08]} 16. Qg3 {[%clk 0:29:58]} Bf8
{[%clk 0:28:16]} 17. Bf3 {[%clk 0:25:56]} e5 {[%clk 0:23:35]} 18. dxe5 {[%clk
0:25:31]} Nh7 {[%clk 0:23:59]} 19. g5 {[%clk 0:18:06]} Nxc5 {[%clk 0:23:08]} 20.
h4 {[%clk 0:18:08]} Qd8 {[%clk 0:20:10]} 21. Kg2 {[%clk 0:16:27]} Ne6 {[%clk
0:14:53]} 22. e3 {[%clk 0:16:19]} Bb4 {[%clk 0:09:13]} 23. Nb3 {[%clk 0:14:03]}
a5 {[%clk 0:06:02]} 24. Rcd1 {[%clk 0:11:20]} Nhf8 {[%clk 0:04:13]} 25. Rh1
{[%clk 0:09:12]} Be7 {[%clk 0:03:16]} 26. Nd4 {[%clk 0:07:18]} a4 {[%clk
0:02:21]} 27. Nxe6 {[%clk 0:05:06]} Nxe6 {[%clk 0:02:38]} 28. Bg4 {[%clk
0:05:14]} Bf8 {[%clk 0:00:44]} 29. Bxe6 {[%clk 0:02:39]} Rxe6 {[%clk 0:00:52]}
30. Qh3 {[%clk 0:02:28]} Qb6 {[%clk 0:00:55]} 31. h5 {[%clk 0:02:41]} Rae8 {[%clk
0:01:22]} 32. hxg6 {[%clk 0:02:03]} fxg6 {[%clk 0:01:46]} 33. Rd2 {[%clk
0:01:30]} Qc5 {[%clk 0:00:39]} 34. Bg3 {[%clk 0:01:36]} Rxe5 {[%clk 0:00:42]} 35.
Bxe5 {[%clk 0:01:34]} Rxe5 {[%clk 0:01:11]} 36. Rd4 {[%clk 0:00:48]} Rxg5+ {[%clk
0:01:09]} 37. Rg4 {[%clk 0:01:00]} Qe7 {[%clk 0:01:04]} 38. Rxg5 {[%clk 0:00:52]}
Qxg5+ {[%clk 0:01:30]} 39. Qg3 {[%clk 0:01:15]} Qf6 {[%clk 0:01:03]} 40. Qg4
{[%clk 0:31:03]} b5 {[%clk 0:30:35]} 41. Rh3 {[%clk 0:30:31]} Qf5 {[%clk
0:29:42]} 42. Qh4 {[%clk 0:28:44]} Qh5 {[%clk 0:27:42]} 43. Qxh5 {[%clk 0:28:22]}
gxh5 {[%clk 0:28:09]} 44. Rxh5 {[%clk 0:28:45]} Be7 {[%clk 0:27:23]} 45. Kf3
{[%clk 0:19:58]} Kf7 {[%clk 0:24:01]} 46. e4 {[%clk 0:18:04]} dxe4+ {[%clk
0:23:01]} 47. Kxe4 {[%clk 0:18:28]} Ke6 {[%clk 0:23:19]} 48. f4 {[%clk 0:15:19]}
Bf6 {[%clk 0:21:09]} 49. Rc5 {[%clk 0:14:59]} Kd6 {[%clk 0:21:06]} 50. Rc2 {[%clk
0:15:21]} c5 {[%clk 0:05:03]} 51. b3 {[%clk 0:15:06]} a3 {[%clk 0:02:40]} 52.
Rd2+ {[%clk 0:09:30]} Kc6 {[%clk 0:02:44]} 53. Kd3 {[%clk 0:09:14]} Kd5 {[%clk
0:02:34]} 54. Re2 {[%clk 0:09:27]} c4+ {[%clk 0:00:57]} 55. Kc2 {[%clk 0:09:30]}
b4 {[%clk 0:00:40]} 56. bxc4+ {[%clk 0:08:50]} Kxc4 {[%clk 0:01:07]} 57. Re4+
{[%clk 0:08:40]} Bd4 {[%clk 0:01:23]} 58. Re8 {[%clk 0:07:20]} Bf6 {[%clk
0:00:59]} *

[Event "Baku Chess Olympiad | Open"]
[Site "chess24.com"]
[Date "2016.09.08"]
[Round "6"]
[White "Foo, Zhi Rong Benjamin"]
[Black "Shishkov, Andrei"]
[Result "*"]
[Board "4"]
[WhiteID "5801664"]
[WhiteElo "2233"]
[WhiteCountry "SIN"]
[WhiteFideId "5801664"]
[BlackID "4500563"]
[BlackElo "2368"]
[BlackTitle "FM"]
[BlackCountry "EST"]
[BlackFideId "4500563"]

1. e4 {[%clk 1:30:54]} c5 {[%clk 1:30:53]} 2. Nf3 {[%clk 1:31:04]} d6 {[%clk
1:31:20]} 3. d4 {[%clk 1:31:11]} cxd4 {[%clk 1:31:44]} 4. Qxd4 {[%clk 1:31:38]}
Nc6 {[%clk 1:32:04]} 5. Bb5 {[%clk 1:32:02]} Bd7 {[%clk 1:32:31]} 6. Bxc6 {[%clk
1:32:23]} Bxc6 {[%clk 1:32:58]} 7. Nc3 {[%clk 1:31:25]} Nf6 {[%clk 1:32:18]} 8.
Bg5 {[%clk 1:31:44]} e6 {[%clk 1:32:39]} 9. O-O-O {[%clk 1:31:31]} Be7 {[%clk
1:33:04]} 10. Qd3 {[%clk 1:28:24]} O-O {[%clk 1:24:47]} 11. Nd4 {[%clk 1:27:21]}
Rc8 {[%clk 0:57:55]} 12. f4 {[%clk 1:23:39]} h6 {[%clk 0:34:24]} 13. h4 {[%clk
1:21:53]} a6 {[%clk 0:30:45]} 14. Qe2 {[%clk 1:10:06]} Nd7 {[%clk 0:27:17]} 15.
Qh5 {[%clk 0:54:17]} Nf6 {[%clk 0:24:08]} 16. Bxf6 {[%clk 0:50:18]} Bxf6 {[%clk
0:24:34]} 17. e5 {[%clk 0:50:44]} Be7 {[%clk 0:19:34]} 18. f5 {[%clk 0:49:39]}
Qa5 {[%clk 0:19:32]} 19. fxe6 {[%clk 0:32:30]} Qxe5 {[%clk 0:17:54]} 20. Nf5
{[%clk 0:23:15]} Kh7 {[%clk 0:13:54]} 21. Qg4 {[%clk 0:20:38]} Rce8 {[%clk
0:10:14]} 22. Rhf1 {[%clk 0:19:00]} g6 {[%clk 0:05:39]} 23. Nxe7 {[%clk 0:13:49]}
Rxe7 {[%clk 0:05:58]} 24. Rde1 {[%clk 0:13:58]} Qg7 {[%clk 0:05:55]} 25. Qf4
{[%clk 0:07:36]} d5 {[%clk 0:02:24]} 26. Re5 {[%clk 0:04:56]} Kg8 {[%clk
0:01:47]} 27. Nxd5 {[%clk 0:03:18]} Bxd5 {[%clk 0:02:16]} 28. Rxd5 {[%clk
0:03:47]} fxe6 {[%clk 0:02:27]} 29. Qxf8+ {[%clk 0:04:09]} Qxf8 {[%clk 0:02:53]}
30. Rxf8+ {[%clk 0:04:37]} Kxf8 {[%clk 0:03:23]} 31. Rd8+ {[%clk 0:04:54]} Kf7
{[%clk 0:02:21]} 32. Kd2 {[%clk 0:05:10]} Kf6 {[%clk 0:02:16]} 33. Ke3 {[%clk
0:04:12]} Rc7 {[%clk 0:02:12]} 34. c3 {[%clk 0:04:25]} h5 {[%clk 0:01:58]} 35.
Kd4 {[%clk 0:02:44]} b5 {[%clk 0:01:24]} 36. b3 {[%clk 0:03:10]} e5+ {[%clk
0:01:42]} 37. Kd3 {[%clk 0:03:14]} Rc6 {[%clk 0:01:57]} 38. c4 {[%clk 0:02:53]}
bxc4+ {[%clk 0:02:18]} 39. bxc4 {[%clk 0:03:21]} Kf5 {[%clk 0:02:11]} 40. Rd5
{[%clk 0:31:16]} Kf4 {[%clk 0:31:50]} 41. c5 {[%clk 0:28:52]} Rc8 {[%clk
0:22:10]} 42. a4 {[%clk 0:25:37]} e4+ {[%clk 0:19:33]} 43. Ke2 {[%clk 0:21:56]}
a5 {[%clk 0:13:20]} 44. Rg5 {[%clk 0:20:42]} e3 {[%clk 0:13:43]} 45. Rxg6 {[%clk
0:19:12]} Rxc5 {[%clk 0:13:32]} 46. g3+ {[%clk 0:19:27]} Ke4 {[%clk 0:12:32]} 47.
Re6+ {[%clk 0:19:54]} Kf5 {[%clk 0:09:26]} 48. Rxe3 {[%clk 0:17:58]} Kg4 {[%clk
0:06:52]} 49. Kd3 {[%clk 0:17:05]} Rc1 {[%clk 0:04:43]} 50. Re5 {[%clk 0:15:40]}
Ra1 {[%clk 0:03:21]} 51. Rg5+ {[%clk 0:14:29]} Kf3 {[%clk 0:03:21]} 52. Rxh5
{[%clk 0:14:34]} Ra3+ {[%clk 0:02:29]} 53. Kc2 {[%clk 0:14:06]} Kxg3 {[%clk
0:02:04]} 54. Rxa5 {[%clk 0:14:16]} Kxh4 {[%clk 0:02:33]} 55. Kb2 {[%clk
0:13:44]} Rf3 {[%clk 0:02:26]} 56. Re5 {[%clk 0:13:18]} Kg4 {[%clk 0:02:27]} 57.
a5 {[%clk 0:13:10]} Rf6 {[%clk 0:02:04]} 58. Kb3 {[%clk 0:13:01]} Kf4 {[%clk
0:02:28]} 59. Re1 {[%clk 0:12:24]} Rd6 {[%clk 0:01:52]} 60. Kc4 {[%clk 0:11:51]}
Rd2 {[%clk 0:01:51]} 61. Ra1 {[%clk 0:10:42]} Rc2+ {[%clk 0:02:05]} 62. Kd5
{[%clk 0:10:31]} Rd2+ {[%clk 0:02:23]} 63. Ke6 {[%clk 0:10:48]} Rh2 {[%clk
0:01:40]} *

[Event "Baku Chess Olympiad | Open"]
[Site "chess24.com"]
[Date "2016.09.08"]
[Round "6"]
[White "Pultinevicius, Paulius"]
[Black "Marjanovic, Dejan"]
[Result "*"]
[Board "4"]
[WhiteID "12809390"]
[WhiteElo "2351"]
[WhiteCountry "LTU"]
[WhiteFideId "12809390"]
[BlackID "14402661"]
[BlackElo "2432"]
[BlackTitle "FM"]
[BlackCountry "BIH"]
[BlackFideId "14402661"]

1. c4 {[%clk 1:30:30]} e5 {[%clk 1:30:30]} 2. Nc3 {[%clk 1:30:30]} Bb4 {[%clk
1:30:30]} 3. Nd5 {[%clk 1:30:30]} Bc5 {[%clk 1:30:30]} 4. e3 {[%clk 1:30:30]} c6
{[%clk 1:30:30]} 5. Nc3 {[%clk 1:30:30]} d6 {[%clk 1:30:30]} 6. d4 {[%clk
1:30:30]} Bb4 {[%clk 1:30:30]} 7. Bd2 {[%clk 1:30:30]} Nf6 {[%clk 1:30:30]} 8. a3
{[%clk 1:30:30]} Ba5 {[%clk 1:30:30]} 9. Bd3 {[%clk 1:30:30]} O-O {[%clk
1:30:30]} 10. Nge2 {[%clk 1:30:30]} Re8 {[%clk 1:30:30]} 11. b4 {[%clk 1:30:30]}
Bc7 {[%clk 1:30:30]} 12. Qc2 {[%clk 1:30:30]} Nbd7 {[%clk 1:30:30]} 13. O-O
{[%clk 1:30:30]} Nf8 {[%clk 1:30:30]} 14. Rfe1 {[%clk 1:30:30]} Ng6 {[%clk
1:30:30]} 15. Ng3 {[%clk 1:30:30]} Be6 {[%clk 1:30:30]} 16. Bf1 {[%clk 1:30:30]}
d5 {[%clk 1:30:30]} 17. cxd5 {[%clk 1:30:30]} Nxd5 {[%clk 1:30:30]} 18. dxe5
{[%clk 1:30:30]} Nxe5 {[%clk 1:30:30]} 19. Nxd5 {[%clk 1:30:30]} Qxd5 {[%clk
1:30:30]} 20. e4 {[%clk 1:30:30]} Qb3 {[%clk 1:30:30]} 21. Qc1 {[%clk 1:30:30]}
Rad8 {[%clk 1:30:30]} 22. Re3 {[%clk 1:30:30]} Qa4 {[%clk 1:30:30]} 23. Bc3
{[%clk 1:30:30]} f6 {[%clk 1:30:30]} 24. h3 {[%clk 1:30:30]} Bb6 {[%clk 1:30:30]}
25. Re1 {[%clk 1:30:30]} Nd3 {[%clk 1:30:30]} 26. Bxd3 {[%clk 1:30:30]} Rxd3
{[%clk 1:30:30]} 27. Ne2 {[%clk 1:30:30]} Qb3 {[%clk 1:30:30]} 28. e5 {[%clk
1:30:30]} f5 {[%clk 1:30:30]} 29. a4 {[%clk 1:30:30]} a6 {[%clk 1:30:30]} 30. Ra3
{[%clk 1:30:30]} Qc4 {[%clk 1:30:30]} 31. Qg5 {[%clk 1:30:30]} Bd8 {[%clk
1:30:30]} 32. Qh5 {[%clk 1:30:30]} g6 {[%clk 1:30:30]} 33. Qh6 {[%clk 1:30:30]}
Qh4 {[%clk 1:30:30]} 34. Qxh4 {[%clk 1:30:30]} Bxh4 {[%clk 1:30:30]} 35. Nf4
{[%clk 1:30:30]} Rd7 {[%clk 1:30:30]} 36. Nxe6 {[%clk 1:30:30]} Rxe6 {[%clk
1:30:30]} 37. Raa1 {[%clk 1:30:30]} Rd3 {[%clk 1:30:30]} 38. Rac1 {[%clk
1:30:30]} Bg5 {[%clk 1:30:30]} 39. Red1 {[%clk 1:30:30]} Rxd1+ {[%clk 1:30:30]}
40. Rxd1 {[%clk 1:30:30]} Kf7 {[%clk 1:30:30]} 41. g3 {[%clk 1:30:30]} Ke8 {[%clk
1:30:30]} 42. f4 {[%clk 1:30:30]} Be7 {[%clk 1:30:30]} 43. g4 {[%clk 1:30:30]}
Bd8 {[%clk 1:30:30]} 44. Kf2 {[%clk 1:30:30]} Re7 {[%clk 1:30:30]} 45. Ke2 {[%clk
1:30:30]} Rd7 {[%clk 1:30:30]} 46. Rh1 {[%clk 1:30:30]} Rf7 {[%clk 1:30:30]} 47.
g5 {[%clk 1:30:30]} h5 {[%clk 1:30:30]} 48. gxh6 {[%clk 1:30:30]} Rh7 {[%clk
1:30:30]} 49. e6 {[%clk 1:30:30]} Rxh6 {[%clk 1:30:30]} 50. Be5 {[%clk 1:30:30]}
g5 {[%clk 1:30:30]} 51. Rg1 {[%clk 1:30:30]} Rxe6 {[%clk 1:30:30]} 52. Kf3 {[%clk
1:30:30]} Be7 {[%clk 1:30:30]} 53. Bb8 {[%clk 1:30:30]} gxf4 {[%clk 1:30:30]} 54.
Kxf4 {[%clk 1:30:30]} Rh6 {[%clk 1:30:30]} 55. Kxf5 {[%clk 1:27:47]} Rxh3 {[%clk
1:30:51]} 56. Bf4 {[%clk 1:25:15]} Kf7 {[%clk 1:30:15]} 57. Rd1 {[%clk 1:25:07]}
b5 {[%clk 1:30:15]} 58. axb5 {[%clk 1:24:24]} Rh5+ {[%clk 1:30:36]} 59. Kg4
{[%clk 1:23:41]} Rxb5 {[%clk 1:30:26]} 60. Rc1 {[%clk 1:23:41]} Rb6 {[%clk
1:30:04]} 61. Kf3 {[%clk 1:19:25]} Rxb4 {[%clk 1:30:23]} 62. Rxc6 {[%clk
1:19:25]} a5 {[%clk 1:29:47]} 63. Ra6 {[%clk 1:17:51]} a4 {[%clk 1:24:14]} 64.
Bd6 {[%clk 1:14:21]} Rb3+ {[%clk 0:33:33]} 65. Ke4 {[%clk 1:14:21]} *